| 000 | 00484 a2200169 4500 | ||
|---|---|---|---|
| 020 | _a0321369572 | ||
| 020 | _a0321122267 | ||
| 040 |
_aDLC _bDLC |
||
| 100 | 1 | _aElmasri, Ramez. | |
| 245 | 1 | 0 |
_aFundamentals of database systems _cRamez Elmasri, Shamkant B. Navathe. |
| 250 | _a5th ed. | ||
| 260 |
_aNew Delhi : _bPearson Education, _cc2007. |
||
| 300 |
_axxxii, 1143 p. : _bill. ; _c25 cm. |
||
| 650 | 0 | _aDatabase management. | |
| 700 | 1 | _aNavathe, Sham. | |
| 942 |
_cBK _k005.74 ELM _2ddc |
||
| 999 |
_c9916 _d9916 |
||